The handbook of computers and computing
সংরক্ষণ করুন:
| প্রধান লেখক: | |
|---|---|
| বিন্যাস: | গ্রন্থ |
| ভাষা: | Undetermined |
| প্রকাশিত: |
New York
Van Nostrand Reinhold Company
1984
|
| বিষয়গুলি: | |
| ট্যাগগুলো: |
ট্যাগ যুক্ত করুন
কোনো ট্যাগ নেই, প্রথমজন হিসাবে ট্যাগ করুন!
|
| Thư viện lưu trữ: | Trung tâm Học liệu Trường Đại học Cần Thơ |
|---|
| LEADER | 00521nam a2200181Ia 4500 | ||
|---|---|---|---|
| 001 | CTU_83369 | ||
| 008 | 210402s9999 xx 000 0 und d | ||
| 082 | |a 001.64 | ||
| 082 | |b S458 | ||
| 100 | |a Seidman, Arthur H. | ||
| 245 | 4 | |a The handbook of computers and computing | |
| 245 | 0 | |c Arthur H. Seidman | |
| 260 | |a New York | ||
| 260 | |b Van Nostrand Reinhold Company | ||
| 260 | |c 1984 | ||
| 650 | |a Electronic digital computers | ||
| 904 | |i QHieu(sửa) | ||
| 980 | |a Trung tâm Học liệu Trường Đại học Cần Thơ | ||